[Event "North American-ch U10"]
[Site "Montreal"]
[Date "2010.08.18"]
[Round "5"]
[White "Kubrynski, Daniel"]
[Black "Vaillant, Charles Etienne"]
[Result "1/2-1/2"]
[WhiteElo "882"]
[BlackElo "1097"]
[PlyCount "58"]
[EventDate "2010.08.16"]
[EventType "swiss"]
[EventRounds "7"]
[EventCountry "CAN"]
[SourceTitle "EXT 2013"]
[Source "ChessBase"]
[SourceDate "2012.11.22"]
[SourceVersion "1"]
[SourceVersionDate "2012.11.22"]
[SourceQuality "1"]

1. e4 e5 2. Nf3 Nc6 3. Bb5 a6 4. Bxc6 dxc6 5. 0-0 Bg4 6. h3 Bh5 7. Nc3 Nf6 8. d3 Bc5 9. Bg5 h6 10. Bxf6 gxf6 11. Na4 Bd4 12. c3 Bb6 13. Nxb6 cxb6 14. g4 Rg8 15. Kh1 Bg6 16. Rg1 Qd7 17. Nh4 Bh5 18. Rg2 Bg6 19. Nxg6 Rxg6 20. Qf3 0-0-0 21. Rag1 Qxd3 22. Qf5+ Kb8 23. Rg3 Qc2 24. Qf3 Qxb2 25. Qe3 Rd2 26. R3g2 Qc2 27. f3 Rxg2 28. Rxg2 Qb1+ 29. Kh2 Rg8 1/2-1/2